000 00195nam a2200085 4500
001 1256434
005 20251229140042.0
245 _aSUNANIN SERÇELERİ
_cGÜLTEN DAYIOĞLU
260 _bALTIN YAYINLARI
999 _c1256434
_d1256434